Seinfeld Celebrities Quiz Stats

Quiz Updated Mar 8, 2012

Challenge
Share
Tweet
Embed
Score 0/18 Timer 07:00
3 Plays Today
Description Celebrity % Correct
This former Met is falsely accused of having spit on Kramer and Newman.Keith Hernandez
84.8%
Kramer appears on their show to promote his coffee table book about coffee tables.Regis and Kathie Lee
75.7%
George is under the mistaken impression that he bought this actor's Chrysler LeBaron.Jon Voight
69.6%
This actress is run over by George while playing softball on her team from 'Rochelle, Rochelle: The Musical'.Bette Midler
66.5%
A friend of Elaine's suggests setting this Oscar winning actress up with George because she loves 'quirky, funny, bald guys'.Marisa Tomei
66.5%
This TV host bumps Jerry from his late night TV show due to a bad performance at a junior high school assembly.David Letterman
64.1%
This mustachioed reporter hosts his own show which features a story about the trial of the four main characters.Geraldo Rivera
61.5%
This actress plays herself playing Murphy Brown meeting her new secretary - Steven Snell (played by Kramer).Candice Bergen
60.6%
Elaine finds herself sitting across from this TV personality on the subway while holding a TV Guide with his picture on the cover.Al Roker
52.8%
Description Celebrity % Correct
Backstage at the Tonight Show, George suggests to this actor that they change the setting of his show because 'it's enough with the bar already'.George Wendt
48.8%
This singer sings 'When You're Smiling' at a fundraiser at which Kramer is mistaken for a mentally challenged person.Mel Torme
47.8%
Kramer promises a sick child that this former New York Yankee will hit 2 home runs for him.Paul O'Neill
44.8%
Backstage at the Tonight Show, George pitches this actor a case for LA Law involving a dead cat.Corbin Bernsen
44.1%
Kramer is forced to fire this actress from 'Scarsdale Surprise' in order to keep his stolen Tony Award. She then gets in a cat fight with Elaine.Raquel Welch
43.8%
Kramer tries to give this actor a script after seeing him in a cafe in Los Angeles.Fred Savage
43.8%
This politician campaigns for Mayor of New York City with a platform that includes cracking down on frozen yogurt shops that falsely claim their yogurt is non-fat.Rudy Giuliani
43.3%
This journalist interviews Jerry in his puffy shirt on the TODAY show and suggests that he become a 'pirate comedian'.Bryant Gumbel
38.5%
This animal expert brings a hawk to the Merv Griffin Show set in Kramer's apartment.Jim Fowler
11.4%

You're not logged in!

Compare scores with friends on all Sporcle quizzes.
Sign Up with Email
OR
Log In

You Might Also Like...

Show Comments

Extras

Top Quizzes Today


Score Distribution

Your Account Isn't Verified!

In order to create a playlist on Sporcle, you need to verify the email address you used during registration. Go to your Sporcle Settings to finish the process.